[Event "Titled Tuesday 2025.06.17 Late"]
[Site "chess.com INT"]
[Date "2025.06.17"]
[Round "5"]
[White "Keleberda, Tymur"]
[Black "Rojas Alarcon, J."]
[Result "1/2-1/2"]
[WhiteElo "2332"]
[BlackElo "2365"]
[WhiteFideId "-1"]
[BlackFideId "-1"]
[PlyCount "116"]
[GameId "2192029298981903"]
[EventDate "2025.06.17"]
[EventType "swiss (blitz)"]
[EventRounds "11"]
[EventCountry "NET"]
[SourceTitle "The Week in Chess 1598"]
[Source "Mark Crowther"]
[SourceDate "2025.06.23"]
[SourceVersion "1"]
[SourceVersionDate "2025.06.23"]
[SourceQuality "2"]

1. e4 c5 2. Nf3 d6 3. c3 Nf6 4. h3 Nc6 5. Bd3 g5 6. Bc2 g4 7. hxg4 Bxg4 8. d4 e6 9. dxc5 dxc5 10. Qxd8+ Rxd8 11. Bg5 Be7 12. Nbd2 Rg8 13. e5 Nd5 14. Bxe7 Kxe7 15. Bxh7 Rh8 16. O-O-O Nf4 17. g3 Rxd2 18. Nxd2 Ne2+ 19. Kb1 Nxg3 20. Be4 Nxh1 21. Rxh1 Rxh1+ 22. Bxh1 Nxe5 23. Bxb7 f5 24. Kc2 Kd6 25. b4 Be2 26. a4 cxb4 27. cxb4 Ng4 28. f3 Ne3+ 29. Kc3 Nd5+ 30. Kb3 e5 31. b5 Kc5 32. Bc8 Ne3 33. Kc3 Nd5+ 34. Kb3 Ne7 35. Be6 Kd4 36. Kb4 Ke3 37. Nc4+ Bxc4 38. Bxc4 Kxf3 39. a5 e4 40. b6 axb6 41. axb6 e3 42. b7 Nc6+ 43. Kc5 Na5 44. b8=Q Nxc4 45. Kxc4 e2 46. Qb7+ Kf2 47. Qb6+ Kf1 48. Qf6 e1=Q 49. Qxf5+ Qf2 50. Qb1+ Kg2 51. Qg6+ Qg3 52. Qc2+ Kh3 53. Qh7+ Kg2 54. Qc2+ Kf1 55. Qd3+ Kf2 56. Qd2+ Kf1 57. Qd1+ Qe1 58. Qxe1+ Kxe1 1/2-1/2

[Event "Titled Tuesday 2025.06.17 Late"]
[Site "chess.com INT"]
[Date "2025.06.17"]
[Round "6"]
[White "Steinberg, N."]
[Black "Keleberda, Tymur"]
[Result "1-0"]
[WhiteElo "2554"]
[BlackElo "2332"]
[WhiteFideId "-1"]
[BlackFideId "-1"]
[PlyCount "93"]
[GameId "2192029299043497"]
[EventDate "2025.06.17"]
[EventType "swiss (blitz)"]
[EventRounds "11"]
[EventCountry "NET"]
[SourceTitle "The Week in Chess 1598"]
[Source "Mark Crowther"]
[SourceDate "2025.06.23"]
[SourceVersion "1"]
[SourceVersionDate "2025.06.23"]
[SourceQuality "2"]

1. d4 a6 2. e4 e6 3. c4 d5 4. cxd5 exd5 5. exd5 Nf6 6. Nc3 Nxd5 7. Nf3 Be7 8. Bc4 Be6 9. Qb3 Bb4 10. O-O Bxc3 11. bxc3 b5 12. Bxd5 Qxd5 13. Qc2 h6 14. Ba3 Nc6 15. Rfe1 O-O-O 16. Bc5 Qf5 17. Qxf5 Bxf5 18. a4 Bc2 19. axb5 axb5 20. Re2 Bd3 21. Re3 Bc2 22. Rae1 Kb7 23. h4 Rd7 24. Nh2 Ra8 25. Rg3 f6 26. Ng4 Bb3 27. Ne3 g5 28. h5 Bf7 29. Ng4 Rd5 30. Nxf6 Rf5 31. Ng4 Ra2 32. f3 Bxh5 33. Nxh6 Rf6 34. Ng4 Bxg4 35. Rxg4 Rf5 36. Rge4 Rc2 37. R4e3 Na5 38. Rb1 Kc6 39. Re6+ Kd7 40. Rbe1 Nc4 41. Re7+ Kc6 42. R1e6+ Kb7 43. Rg6 Rxc3 44. Rgg7 g4 45. Rxc7+ Kb8 46. Ba7+ Ka8 47. Rc8# 1-0

[Event "Titled Tuesday 2025.06.17 Late"]
[Site "chess.com INT"]
[Date "2025.06.17"]
[Round "7"]
[White "Keleberda, Tymur"]
[Black "Marchesich, Giovanni"]
[Result "0-1"]
[WhiteElo "2332"]
[BlackElo "2189"]
[WhiteFideId "-1"]
[BlackFideId "-1"]
[PlyCount "50"]
[GameId "2192029299088657"]
[EventDate "2025.06.17"]
[EventType "swiss (blitz)"]
[EventRounds "11"]
[EventCountry "NET"]
[SourceTitle "The Week in Chess 1598"]
[Source "Mark Crowther"]
[SourceDate "2025.06.23"]
[SourceVersion "1"]
[SourceVersionDate "2025.06.23"]
[SourceQuality "2"]

1. c4 c5 2. Nc3 b6 3. Nf3 Bb7 4. d4 cxd4 5. Nxd4 Nf6 6. f3 d5 7. cxd5 Nxd5 8. Nxd5 Qxd5 9. e4 Qd8 10. Bf4 Nd7 11. Qa4 a6 12. Rd1 b5 13. Qb3 e5 14. Nxb5 exf4 15. Bc4 Qa5+ 16. Kf1 Ne5 17. Be2 Be7 18. Nd6+ Bxd6 19. Qxb7 Rd8 20. g3 O-O 21. gxf4 Ng6 22. f5 Nf4 23. Qxa6 Qc5 24. Qb5 Qe3 25. Qb3 Qxe2+ 0-1

[Event "Austin Spring IM"]
[Site "Austin USA"]
[Date "2025.06.11"]
[Round "1"]
[White "Petenyi, Tamas"]
[Black "Keleberda, Tymur"]
[Result "1-0"]
[WhiteElo "2252"]
[BlackElo "2332"]
[WhiteFideId "-1"]
[BlackFideId "-1"]
[PlyCount "137"]
[GameId "2189496463530431"]
[EventDate "2025.06.11"]
[EventType "tourn"]
[EventRounds "9"]
[EventCountry "USA"]
[SourceTitle "Mega2025 Update 33"]
[Source "Chessbase"]
[SourceDate "2025.06.19"]
[SourceVersion "1"]
[SourceVersionDate "2025.06.19"]
[SourceQuality "1"]

1. e4 c5 2. Nf3 d6 3. d4 cxd4 4. Nxd4 Nf6 5. Nc3 a6 6. Be3 e5 7. Nb3 Be6 8. h3 Be7 9. Qf3 Nbd7 10. g4 {10.0-0-0 injects fresh life into this line. 10.0-0-0 bringt frisches Leben in diese Variante.} h6 11. O-O-O Rc8 12. Nd5 Bxd5 13. exd5 Qc7 14. Bd3 e4 $146 (14... a5 15. Nd2 a4 16. h4 a3 17. g5 e4 18. Nxe4 Nxd5 19. Bd4 Ne5 20. Bxe5 dxe5 {1-0 Ganguly,S (2575)-Grigoryan,K (2580) FRA-chT Top 16 GpA Chartres 2024 (6.3)}) 15. Bxe4 Nxe4 16. Qxe4 Nf6 17. Qd3 Nxd5 18. Bd2 O-O 19. Kb1 Bf6 20. c3 Nb6 21. g5 hxg5 22. Rhg1 Qc4 23. Bxg5 Qxd3+ 24. Rxd3 Bxg5 25. Rxg5 Rfe8 26. Nd4 Rc5 27. Rxc5 dxc5 28. Nf3 f6 29. b3 Kf7 30. Kc1 Rh8 31. Nd2 Ke6 32. Ne4 Nd7 33. f4 Rh4 34. Nd6 Rxf4 35. Nxb7 Rf2 36. Nd8+ Ke7 37. Nc6+ Ke8 38. a4 f5 39. a5 f4 40. b4 g5 41. b5 axb5 42. a6 Ra2 43. a7 Nb6 44. Rd8+ Kf7 45. Rb8 f3 46. Ne5+ Ke6 47. Nxf3 Rxa7 48. Rxb6+ Kd5 49. Rxb5 Kc4 50. Rb2 Ra1+ 51. Kc2 Rh1 52. Nd2+ Kd5 53. c4+ Kc6 54. Rb3 Rg1 55. Rf3 g4 56. Rf6+ Kc7 57. Rg6 g3 58. Nf3 Rg2+ 59. Kd3 Kb7 60. Rg4 Kb6 61. Nh4 Ra2 62. Nf5 Rf2 63. Nxg3 Ka5 64. Rg8 Kb4 65. Rb8+ Ka3 66. Ne4 Rf3+ 67. Kc2 Rf4 68. Rb3+ Ka4 69. Nxc5+ 1-0

[Event "Austin Spring IM"]
[Site "Austin USA"]
[Date "2025.06.12"]
[Round "2"]
[White "Keleberda, Tymur"]
[Black "Komarov, Dimitri"]
[Result "1/2-1/2"]
[WhiteElo "2332"]
[BlackElo "2407"]
[WhiteFideId "-1"]
[BlackFideId "-1"]
[PlyCount "25"]
[GameId "2189496463530436"]
[EventDate "2025.06.11"]
[EventType "tourn"]
[EventRounds "9"]
[EventCountry "USA"]
[SourceTitle "Mega2025 Update 33"]
[Source "Chessbase"]
[SourceDate "2025.06.19"]
[SourceVersion "1"]
[SourceVersionDate "2025.06.19"]
[SourceQuality "1"]

1. e4 c5 2. Nf3 Nc6 3. d4 cxd4 4. Nxd4 Nf6 5. Nc3 e5 6. Ndb5 d6 7. Bg5 a6 8. Na3 b5 9. Nd5 Qa5+ 10. Bd2 Qd8 11. Bg5 Qa5+ 12. Bd2 Qd8 13. Bc1 1/2-1/2

[Event "Austin Spring IM"]
[Site "Austin USA"]
[Date "2025.06.12"]
[Round "3"]
[White "Melillo, Lucius"]
[Black "Keleberda, Tymur"]
[Result "0-1"]
[WhiteElo "2170"]
[BlackElo "2332"]
[WhiteFideId "-1"]
[BlackFideId "-1"]
[PlyCount "108"]
[GameId "2189496463534538"]
[EventDate "2025.06.11"]
[EventType "tourn"]
[EventRounds "9"]
[EventCountry "USA"]
[SourceTitle "Mega2025 Update 33"]
[Source "Chessbase"]
[SourceDate "2025.06.19"]
[SourceVersion "1"]
[SourceVersionDate "2025.06.19"]
[SourceQuality "1"]

1. Nf3 d5 2. g3 Nf6 3. Bg2 c6 4. c4 dxc4 5. O-O Bf5 6. Na3 b5 7. b3 cxb3 8. Ne5 Be4 9. Bxe4 Nxe4 10. Qxb3 Nd6 11. Bb2 f6 12. Nd3 Qb6 13. Rac1 Nd7 14. Nf4 Rc8 15. d4 g6 16. Rc2 a5 17. Rfc1 Bh6 18. Qe6 Bxf4 19. gxf4 Qb7 20. d5 c5 21. e4 c4 22. e5 Nc5 23. Qh3 fxe5 24. fxe5 Nf5 25. e6 O-O 26. Qc3 Rf6 27. Qxa5 Qxd5 28. Bxf6 exf6 29. Qxb5 Nh4 30. f4 Qd4+ 31. Kh1 Qe4+ 32. Kg1 Qe3+ 33. Kh1 Qxa3 34. Qxc4 Qf3+ 35. Kg1 Qe3+ 36. Kh1 Kg7 37. Qe2 Qa3 38. Rc4 Qa8+ 39. Kg1 Nf3+ 40. Kf2 Rd8 41. Rxc5 Rd2 42. Rc7+ Kh6 43. Qxd2 Nxd2 44. e7 Qf3+ 45. Ke1 Ne4 46. R1c2 Qe3+ 47. Kd1 Qg1+ 48. Ke2 Qf2+ 49. Kd3 Qf3+ 50. Kc4 Qxf4 51. Kb3 Qe5 52. a4 f5 53. Rb7 Nd6 54. Rbc7 f4 0-1

[Event "Austin Spring IM"]
[Site "Austin USA"]
[Date "2025.06.13"]
[Round "4"]
[White "Keleberda, Tymur"]
[Black "Trey, Justin"]
[Result "1-0"]
[WhiteElo "2332"]
[BlackElo "1906"]
[WhiteFideId "-1"]
[BlackFideId "-1"]
[PlyCount "47"]
[GameId "2189496463534541"]
[EventDate "2025.06.11"]
[EventType "tourn"]
[EventRounds "9"]
[EventCountry "USA"]
[SourceTitle "Mega2025 Update 33"]
[Source "Chessbase"]
[SourceDate "2025.06.19"]
[SourceVersion "1"]
[SourceVersionDate "2025.06.19"]
[SourceQuality "1"]

1. d4 d5 2. c4 e6 3. Nc3 h6 4. Nf3 Nf6 5. a3 a6 6. e3 Be7 7. c5 Nbd7 8. b4 c6 9. Bb2 Qc7 10. Be2 e5 11. Nxe5 Nxe5 12. dxe5 Qxe5 13. Na4 Qc7 14. Nb6 Rb8 15. f4 Nd7 16. Bxg7 Rg8 17. Qd4 Nxb6 18. Be5 Qd8 19. cxb6 Rxg2 20. Bxb8 Bf8 21. Ra2 Qh4+ 22. Kd1 Bg7 23. Be5 c5 24. Qxd5 1-0

[Event "Austin Spring IM"]
[Site "Austin USA"]
[Date "2025.06.14"]
[Round "6"]
[White "Widjaja, Luke"]
[Black "Keleberda, Tymur"]
[Result "0-1"]
[WhiteElo "2196"]
[BlackElo "2332"]
[WhiteFideId "-1"]
[BlackFideId "-1"]
[PlyCount "116"]
[GameId "2189496463538646"]
[EventDate "2025.06.11"]
[EventType "tourn"]
[EventRounds "9"]
[EventCountry "USA"]
[SourceTitle "Mega2025 Update 33"]
[Source "Chessbase"]
[SourceDate "2025.06.19"]
[SourceVersion "1"]
[SourceVersionDate "2025.06.19"]
[SourceQuality "1"]

1. e4 c5 2. Nf3 d6 3. Bb5+ Nd7 4. a4 a6 5. Be2 Ngf6 6. Nc3 b6 7. d4 cxd4 8. Qxd4 e6 9. O-O Bb7 10. Rd1 Qc7 11. Be3 Ng4 12. Bg5 h6 13. Bh4 Nge5 14. Qe3 Nxf3+ 15. Bxf3 Be7 16. Bxe7 Kxe7 17. Rd4 e5 18. Rd2 Nf6 19. Rad1 Rhd8 20. Ne2 Qc5 21. Ng3 Bc8 22. Qxc5 bxc5 23. Be2 Be6 24. b3 g6 25. f3 a5 26. Bb5 Rac8 27. c4 Ng8 28. Ne2 f5 29. Nc3 Nf6 30. Kf2 Rc7 31. Ke3 Bc8 32. Nd5+ Nxd5+ 33. Rxd5 Bb7 34. R5d2 Ke6 35. h4 Rf7 36. g3 fxe4 37. fxe4 Ke7 38. Re2 Rdf8 39. Kd2 Rf3 40. Re3 Rf2+ 41. Kc3 Rg2 42. Rd2 Rg1 43. Rde2 Rff1 44. Kd3 Rb1 45. Kc3 Rgc1+ 46. Rc2 Re1 47. Rce2 Rxe2 48. Rxe2 Rd1 49. Re3 Rd4 50. Rd3 Rxe4 51. Kd2 Rg4 52. Ke2 h5 53. Kf2 g5 54. hxg5 Rxg5 55. Rd1 Rf5+ 56. Kg1 Rf3 57. Kh2 Rxb3 58. Kh3 e4 0-1

[Event "Austin Spring IM"]
[Site "Austin USA"]
[Date "2025.06.14"]
[Round "7"]
[White "Keleberda, Tymur"]
[Black "Lee, Megan Shuen Hui"]
[Result "0-1"]
[WhiteElo "2332"]
[BlackElo "2215"]
[WhiteFideId "-1"]
[BlackFideId "-1"]
[PlyCount "84"]
[GameId "2189496463542751"]
[EventDate "2025.06.11"]
[EventType "tourn"]
[EventRounds "9"]
[EventCountry "USA"]
[SourceTitle "Mega2025 Update 33"]
[Source "Chessbase"]
[SourceDate "2025.06.19"]
[SourceVersion "1"]
[SourceVersionDate "2025.06.19"]
[SourceQuality "1"]

1. d4 Nf6 2. c4 g6 3. Nc3 d5 4. Nf3 Bg7 5. g3 c6 6. Bg2 dxc4 7. Ne5 Ng4 8. Nxg4 Bxg4 9. h3 Be6 10. Be3 O-O 11. Qd2 Qd7 12. Rd1 Rd8 13. f3 Qc7 14. Kf2 Na6 15. Qc1 Rd7 16. h4 Qa5 17. h5 Rad8 18. Ne4 Bf5 19. Ng5 Bxd4 20. Rxd4 Rxd4 21. g4 h6 22. gxf5 hxg5 23. Bxd4 Rxd4 24. fxg6 fxg6 25. hxg6 Qd2 26. Qg1 Nc5 27. Bh3 Nd3+ 28. Kg3 Nf4 29. Rh2 Nh5+ 30. Kf2 Nf4 31. Kg3 c5 32. Be6+ Nxe6 33. Qh1 Rh4 34. Rxh4 gxh4+ 35. Kf2 Qd4+ 36. Ke1 Nf4 37. Qh2 Qe3 38. g7 Kxg7 39. Kd1 e5 40. a4 b6 41. a5 bxa5 42. Ke1 Qxe2+ 0-1

[Event "Austin Spring IM"]
[Site "Austin USA"]
[Date "2025.06.15"]
[Round "8"]
[White "Nguyen, James Le"]
[Black "Keleberda, Tymur"]
[Result "0-1"]
[WhiteElo "2259"]
[BlackElo "2332"]
[WhiteFideId "-1"]
[BlackFideId "-1"]
[PlyCount "90"]
[GameId "2189496463542753"]
[EventDate "2025.06.11"]
[EventType "tourn"]
[EventRounds "9"]
[EventCountry "USA"]
[SourceTitle "Mega2025 Update 33"]
[Source "Chessbase"]
[SourceDate "2025.06.19"]
[SourceVersion "1"]
[SourceVersionDate "2025.06.19"]
[SourceQuality "1"]

1. e4 e6 2. d4 d5 3. Nd2 Be7 4. e5 c5 5. c3 Nc6 6. Ngf3 f6 7. Bd3 Nh6 8. O-O Nf7 9. Re1 Qc7 10. Nf1 fxe5 11. dxe5 Bd7 12. h4 O-O-O 13. Bf4 Rdg8 14. Qd2 Qd8 15. Ng5 Nxg5 16. hxg5 g6 17. Nh2 h6 18. gxh6 g5 19. h7 Rg7 20. Bg3 Be8 21. Ng4 Bg6 22. Nf6 Bxd3 23. Qxd3 Bxf6 24. exf6 Rgxh7 25. f3 Qxf6 26. Kf2 Rh6 27. Re2 Qf5 28. Qb5 g4 29. Rae1 gxf3 30. gxf3 Qg5 31. Rg1 Rh3 32. f4 Qg4 33. Qd3 Rg8 34. Re3 d4 35. Re2 e5 36. fxe5 Rf8+ 37. Ke1 Rf3 38. Qc4 Rhxg3 39. Rh1 Rg1+ 40. Rxg1 Qxg1+ 41. Kd2 Qg5+ 42. Kd1 Rf1+ 43. Kc2 Qc1+ 44. Kd3 Qb1+ 45. Kd2 Qd1# 0-1

[Event "Austin Spring IM"]
[Site "Austin USA"]
[Date "2025.06.15"]
[Round "9"]
[White "Keleberda, Tymur"]
[Black "Li, Rachael"]
[Result "1-0"]
[WhiteElo "2332"]
[BlackElo "2220"]
[WhiteFideId "-1"]
[BlackFideId "-1"]
[PlyCount "101"]
[GameId "2189496463546856"]
[EventDate "2025.06.11"]
[EventType "tourn"]
[EventRounds "9"]
[EventCountry "USA"]
[SourceTitle "Mega2025 Update 33"]
[Source "Chessbase"]
[SourceDate "2025.06.19"]
[SourceVersion "1"]
[SourceVersionDate "2025.06.19"]
[SourceQuality "1"]

1. d4 Nf6 2. c4 e6 3. Nf3 b6 4. g3 Bb7 5. Bg2 Be7 6. Qc2 c5 7. dxc5 bxc5 8. O-O Nc6 9. Rd1 Qc7 10. Nc3 a6 11. b3 O-O 12. Bb2 Rfd8 13. Rac1 Rac8 14. Qb1 h6 15. Na4 d6 16. e3 Nb8 17. Ne1 Bxg2 18. Kxg2 Nc6 19. Nd3 Qb7 20. f3 Nb4 21. Nf2 Ne8 22. Nc3 Nf6 23. h4 Nc6 24. Ne2 Nd7 25. Qa1 Nce5 26. e4 f5 27. Nf4 Kf7 28. h5 Qc6 29. Qb1 Bf6 30. Rc3 fxe4 31. Nxe4 Be7 32. Re3 Rg8 33. Ng6 Rgd8 34. Nxe7 Kxe7 35. Nxd6 Qxd6 36. Rxd6 Kxd6 37. Qd1+ Ke7 38. Qe2 Nc6 39. Rxe6+ Kf8 40. Qe4 Nd4 41. Bxd4 cxd4 42. Qxd4 Nf6 43. Rxf6+ gxf6 44. Qxf6+ Kg8 45. Qg6+ Kf8 46. Qxh6+ Ke7 47. Qg7+ Kd6 48. h6 Kc5 49. h7 Kb4 50. g4 Ka3 51. Qf6 1-0

[Event "Titled Tuesday 2025.06.10 Early"]
[Site "chess.com INT"]
[Date "2025.06.10"]
[Round "1"]
[White "Tiitta, S."]
[Black "Keleberda, Tymur"]
[Result "0-1"]
[WhiteElo "2157"]
[BlackElo "2332"]
[WhiteFideId "-1"]
[BlackFideId "-1"]
[PlyCount "120"]
[GameId "2189496464014578"]
[EventDate "2025.06.10"]
[EventType "swiss (blitz)"]
[EventRounds "11"]
[EventCountry "NET"]
[SourceTitle "The Week in Chess 1597"]
[Source "Mark Crowther"]
[SourceDate "2025.06.16"]
[SourceVersion "1"]
[SourceVersionDate "2025.06.16"]
[SourceQuality "2"]

1. g4 d5 2. h3 h5 3. g5 e5 4. d4 exd4 5. Qxd4 Nc6 6. Qa4 Bc5 7. Nf3 Nge7 8. Bg2 Bf5 9. Be3 Bxe3 10. fxe3 Qd6 11. Qf4 Qb4+ 12. Qxb4 Nxb4 13. Na3 c6 14. c3 Na6 15. O-O-O Be4 16. Rhg1 Ng6 17. Nd4 Bxg2 18. Rxg2 O-O 19. Nf5 Rad8 20. Nc2 Rfe8 21. b4 Nc7 22. Kb2 Ne5 23. Kb3 Nc4 24. Rd3 Re5 25. Nh4 Rde8 26. Nf3 R5e7 27. Nfd4 Nxe3 28. Nxe3 Rxe3 29. Nf5 Rxe2 30. Rxe2 Rxe2 31. Nd6 b5 32. Nc8 a6 33. Na7 Re6 34. a4 Kf8 35. a5 f5 36. gxf6 gxf6 37. Rg3 Kf7 38. Nc8 f5 39. Rg5 f4 40. Rf5+ Rf6 41. Nd6+ Ke6 42. Rxf6+ Kxf6 43. Nb7 f3 44. Nc5 f2 45. Nd7+ Kf5 46. Nb8 f1=Q 47. Nxc6 Qc4+ 48. Ka3 Qxc6 49. Kb3 Qc4+ 50. Kb2 Kg5 51. h4+ Kxh4 52. Ka3 Kh3 53. Kb2 Kg4 54. Kc2 Ne6 55. Kd2 Kf4 56. Ke1 Qxc3+ 57. Kf2 Qxb4 58. Kg2 Qxa5 59. Kh3 Qd2 60. Kh4 Qh2# 0-1

[Event "Titled Tuesday 2025.06.10 Early"]
[Site "chess.com INT"]
[Date "2025.06.10"]
[Round "2"]
[White "Ebrahimi Herab, Hamidreza"]
[Black "Keleberda, Tymur"]
[Result "1/2-1/2"]
[WhiteElo "2404"]
[BlackElo "2332"]
[WhiteFideId "-1"]
[BlackFideId "-1"]
[PlyCount "99"]
[GameId "2189496464166469"]
[EventDate "2025.06.10"]
[EventType "swiss (blitz)"]
[EventRounds "11"]
[EventCountry "NET"]
[SourceTitle "The Week in Chess 1597"]
[Source "Mark Crowther"]
[SourceDate "2025.06.16"]
[SourceVersion "1"]
[SourceVersionDate "2025.06.16"]
[SourceQuality "2"]

1. d4 d5 2. c4 e6 3. Nc3 Nf6 4. cxd5 exd5 5. Bg5 c6 6. Qc2 Be7 7. e3 g6 8. Bd3 Nbd7 9. Nge2 Nb6 10. O-O Be6 11. f3 h6 12. Bh4 Kf8 13. Bf2 c5 14. dxc5 Bxc5 15. Rad1 Qe7 16. Nd4 Rc8 17. Qd2 Kg7 18. Rfe1 Rhd8 19. a3 Nc4 20. Bxc4 dxc4 21. Qc2 Bxd4 22. exd4 Qc7 23. Bg3 Qb6 24. Be5 Bf5 25. Qf2 Kh7 26. g4 Bd3 27. b3 Nd5 28. Nxd5 Rxd5 29. bxc4 Bxc4 30. Qh4 g5 31. Qg3 Rb5 32. h4 Rb3 33. hxg5 Bd5 34. Qh4 Rxf3 35. Rf1 Rcc3 36. Rxf3 Rxf3 37. Bf6 Kg8 38. Re1 Rxf6 39. Re8+ Kh7 40. gxf6 Qxd4+ 41. Qf2 Qxg4+ 42. Kf1 Qd1+ 43. Re1 Qd3+ 44. Kg1 Qg6+ 45. Kh2 Qh5+ 46. Kg3 Qg5+ 47. Kh3 Qh5+ 48. Kg3 Qg5+ 49. Kh2 Qh5+ 50. Kg3 1/2-1/2

[Event "Chicago op"]
[Site "Chicago USA"]
[Date "2025.05.24"]
[Round "4"]
[White "Kiewra, Keaton F"]
[Black "Keleberda, Tymur"]
[Result "1/2-1/2"]
[WhiteElo "2269"]
[BlackElo "2348"]
[WhiteFideId "-1"]
[BlackFideId "-1"]
[PlyCount "48"]
[GameId "2181912638092886"]
[EventDate "2025.05.22"]
[EventType "swiss"]
[EventRounds "9"]
[EventCountry "USA"]
[SourceTitle "Mega2025 Update 31"]
[Source "Chessbase"]
[SourceDate "2025.06.05"]
[SourceVersion "1"]
[SourceVersionDate "2025.06.05"]
[SourceQuality "1"]

1. d4 e6 2. c4 d5 3. Nc3 Nf6 4. cxd5 exd5 5. Bg5 c6 6. e3 Be7 7. Bd3 Nbd7 8. Nge2 h6 9. Bh4 O-O 10. O-O $1 {The main line 10.0-0 scores better than 10.Qc2. Die Hauptvariante 10.0-0 punktet besser als 10.Dc2.} Nb6 11. Qc2 Be6 12. Nf4 Bd7 13. Bg3 Re8 14. Rad1 Bb4 15. a3 $146 (15. Nfe2 Nh5 16. Be5 Be6 17. a3 Bd6 18. Bxd6 Qxd6 19. Na4 Nxa4 20. Qxa4 Nf6 21. Ng3 {1-0 Sebesta,R (2094)-Jakab,B (1538) Senica op 4th 2012 (1)}) 15... Bxc3 16. Qxc3 Ne4 17. Bxe4 dxe4 18. d5 cxd5 19. Nxd5 Nxd5 20. Rxd5 Qc8 21. Qd4 Bc6 22. Rd6 Re6 23. Rc1 Rxd6 24. Qxd6 Qd8 1/2-1/2

[Event "Chicago op"]
[Site "Chicago USA"]
[Date "2025.05.24"]
[Round "5"]
[White "Keleberda, Tymur"]
[Black "Wan, Joseph C"]
[Result "1/2-1/2"]
[WhiteElo "2348"]
[BlackElo "2254"]
[WhiteFideId "-1"]
[BlackFideId "-1"]
[PlyCount "50"]
[GameId "2181912638105199"]
[EventDate "2025.05.22"]
[EventType "swiss"]
[EventRounds "9"]
[EventCountry "USA"]
[SourceTitle "Mega2025 Update 31"]
[Source "Chessbase"]
[SourceDate "2025.06.05"]
[SourceVersion "1"]
[SourceVersionDate "2025.06.05"]
[SourceQuality "1"]

1. e4 e6 2. d4 d5 3. Nd2 c5 4. exd5 Qxd5 5. Ngf3 cxd4 6. Bc4 Qd7 7. O-O Nc6 8. Nb3 a6 $1 {8...a6 is better than 8...Nf6. 8...a6 ist besser als 8...Sf6.} 9. Bf4 b5 10. Be2 Bb7 11. a4 b4 12. Nfxd4 $146 (12. Re1 Nf6 13. Ne5 Nxe5 14. Bxe5 Be7 15. Qxd4 Qxd4 16. Bxd4 O-O 17. Na5 Be4 18. c3 bxc3 19. bxc3 Bd5 20. Nc4 Bxc4 21. Bxc4 Rfc8 22. Be2 Bc5 23. a5 {½-½ Malyshev,V (2170)-Budding,A (2109) VW-Cup11 Gr21 email ICCF email 2018}) 12... Nxd4 13. Nxd4 Rd8 14. Nb3 Qc8 15. Qc1 Nf6 16. Na5 Bd5 17. Qe3 Bc5 18. Qg3 Bb6 19. Nb3 Qxc2 20. Nd2 O-O 21. Rfc1 Qxb2 22. Rab1 Qa2 23. Ra1 Qb2 24. Rab1 Qa2 25. Ra1 Qb2 1/2-1/2

[Event "Chicago op"]
[Site "Chicago USA"]
[Date "2025.05.26"]
[Round "9"]
[White "Keleberda, Tymur"]
[Black "Kostolansky, Sebastian Lukas"]
[Result "0-1"]
[WhiteElo "2348"]
[BlackElo "2402"]
[WhiteFideId "-1"]
[BlackFideId "-1"]
[PlyCount "56"]
[GameId "2184428708175070"]
[EventDate "2025.05.22"]
[EventType "swiss"]
[EventRounds "9"]
[EventCountry "USA"]
[SourceTitle "Mega2025 Update 31"]
[Source "Chessbase"]
[SourceDate "2025.06.05"]
[SourceVersion "1"]
[SourceVersionDate "2025.06.05"]
[SourceQuality "1"]

1. e4 c5 2. Ne2 Nc6 3. g3 d5 4. Bg2 dxe4 5. Bxe4 Nf6 6. Bg2 h5 7. h3 Bf5 8. d3 c4 9. dxc4 Qxd1+ 10. Kxd1 O-O-O+ 11. Bd2 Ne5 12. b3 Be4 13. Rg1 Bxg2 14. Rxg2 Nf3 15. Kc1 Ne4 16. Be3 g5 17. Nbc3 Nxc3 18. Nxc3 g4 19. hxg4 hxg4 20. Kb2 Bg7 21. Bxa7 Rd7 22. Rgg1 b5 23. Bc5 Rh5 24. Bb4 Nxg1 25. Rxg1 bxc4 26. bxc4 Rf5 27. Kb3 Rf3 28. Rb1 Bxc3 0-1

[Event "Titled Tuesday 2025.05.20 Late"]
[Site "Chess.com INT"]
[Date "2025.05.20"]
[Round "1"]
[White "Keleberda, Tymur"]
[Black "Azizoglu, Ferzan"]
[Result "1-0"]
[WhiteElo "2348"]
[BlackElo "2055"]
[WhiteFideId "-1"]
[BlackFideId "-1"]
[PlyCount "57"]
[GameId "2181912641205851"]
[EventDate "2025.05.20"]
[EventType "swiss (blitz)"]
[EventRounds "11"]
[EventCountry "NET"]
[SourceTitle "Mega2025 Update 30"]
[Source "Chessbase"]
[SourceDate "2025.05.29"]
[SourceVersion "1"]
[SourceVersionDate "2025.05.29"]
[SourceQuality "1"]

1. e4 c5 2. Ne2 Nc6 3. g3 g6 4. Bg2 Bg7 5. c3 e6 6. d4 cxd4 7. cxd4 d5 8. exd5 exd5 9. Nbc3 Nge7 10. O-O O-O 11. h3 Nf5 12. Nxd5 Nfxd4 13. Nec3 Be6 14. Be3 Nf5 15. Bc5 Re8 16. Qd2 Rc8 17. Rad1 b6 18. Ba3 Nfd4 19. Kh2 b5 20. Qf4 a5 21. b4 Be5 22. Qh6 Bg7 23. Qf4 axb4 24. Nxb4 Nxb4 25. Bxb4 Rc4 26. a3 Qc8 27. Nd5 Bxd5 28. Bxd5 Ne2 29. Qxf7+ 1-0

[Event "Titled Tuesday 2025.05.20 Late"]
[Site "Chess.com INT"]
[Date "2025.05.20"]
[Round "2"]
[White "Keleberda, Tymur"]
[Black "Kilic, Eray"]
[Result "0-1"]
[WhiteElo "2348"]
[BlackElo "2469"]
[WhiteFideId "-1"]
[BlackFideId "-1"]
[PlyCount "72"]
[GameId "2181912641263334"]
[EventDate "2025.05.20"]
[EventType "swiss (blitz)"]
[EventRounds "11"]
[EventCountry "NET"]
[SourceTitle "Mega2025 Update 30"]
[Source "Chessbase"]
[SourceDate "2025.05.29"]
[SourceVersion "1"]
[SourceVersionDate "2025.05.29"]
[SourceQuality "1"]

1. c4 e5 2. Nc3 Nc6 3. e3 g6 4. g3 Bg7 5. Bg2 Nge7 6. Nge2 O-O 7. d4 d6 8. h4 Bg4 9. f3 exd4 10. exd4 Bd7 11. g4 Re8 12. Kf2 d5 13. h5 dxc4 14. hxg6 fxg6 15. Bh6 Bxh6 16. Rxh6 Rf8 17. Qh1 Rf7 18. Qh2 Bxg4 19. Rh1 Bh5 20. Qg3 Nf5 21. Qf4 Nxh6 22. Qxh6 Qf8 23. Rxh5 gxh5 24. Qxh5 Qg7 25. Ne4 Raf8 26. Ke3 Qxg2 27. Ng5 Re8+ 28. Ne4 Qg6 29. Qh4 Ne7 30. Kd2 Nf5 31. Qh3 Qh6+ 32. Qxh6 Nxh6 33. Ke3 Nf5+ 34. Kf2 Nd6 35. Ke3 Nxe4 36. fxe4 h5 0-1